[Event "Titled Tuesday intern op 12th Mar Late"]
[Site "Chess.com INT"]
[Date "2024.03.12"]
[Round "11"]
[White "Dzierzak, Radoslaw"]
[Black "Shubenkova, Veronika"]
[Result "1-0"]
[WhiteElo "2212"]
[BlackElo "2007"]
[PlyCount "229"]
[EventDate "2024.03.12"]
[EventType "swiss (blitz)"]
[EventRounds "11"]
[EventCountry "USA"]
[SourceTitle "CB12_2024"]
[SourceDate "2023.10.01"]
[SourceVersion "1"]
[SourceVersionDate "2023.10.01"]
[SourceQuality "1"]

1. e4 e6 2. d4 d5 3. Bd3 Nf6 4. e5 Nfd7 5. Nf3 c5 6. c3 Nc6 7. 0-0 a6 8. a3 b5 9. b4 c4 10. Bc2 Be7 11. a4 Bb7 12. Re1 Qc7 13. Nbd2 0-0-0 14. Nf1 h6 15. h4 Rdg8 16. h5 g6 17. hxg6 fxg6 18. Bf4 Nf8 19. N1h2 g5 20. Bg3 h5 21. Nf1 h4 22. Bh2 g4 23. N3d2 Bg5 24. axb5 axb5 25. Ne3 Bxe3 26. Rxe3 Qg7 27. Bf4 Qf7 28. g3 hxg3 29. Bxg3 Qh5 30. Kf1 Ng6 31. Ke2 Rf8 32. Nf1 Nf4+ 33. Kd2 Ng2 34. Kc1 Nxe3 35. Nxe3 Qg5 36. Kb2 Rf3 37. Qd2 Rh3 38. Rg1 Ne7 39. Bd1 Nf5 40. Bxf3 gxf3 41. Bh2 Qh6 42. Rg8+ Kd7 43. Bg3 Nxg3 44. Rxg3 Rxg3 45. fxg3 Qh1 46. Qf2 Ke7 47. Nf1 Bc6 48. Nd2 Be8 49. Qxf3 Qe1 50. Qf4 Bg6 51. Qg5+ Kd7 52. Qxg6 Qxd2+ 53. Kb1 Qxc3 54. Qf7+ Kd8 55. Qf8+ Kc7 56. Qd6+ Kb7 57. Qd7+ Ka8 58. Qc8+ Ka7 59. Qc7+ Ka8 60. Qc6+ Ka7 61. Qc5+ Ka6 62. Qc6+ Ka7 63. Qd7+ Kb8 64. Qxb5+ Kc7 65. Qc5+ Kd7 66. Qd6+ Ke8 67. Qxe6+ Kf8 68. Qf5+ Kg8 69. Qg6+ Kf8 70. Qf6+ Kg8 71. Qe6+ Kh8 72. Qc8+ Kg7 73. Qd7+ Kh8 74. Qd8+ Kg7 75. Qe7+ Kg8 76. Qg5+ Kh8 77. Qh5+ Kg8 78. Qg6+ Kh8 79. Qh6+ Kg8 80. Qe6+ Kh8 81. Qxd5 Qxb4+ 82. Kc1 Qe1+ 83. Kc2 Qf2+ 84. Kc3 Qxg3+ 85. Kxc4 Qe1 86. Kc5 Qa5+ 87. Kd6 Qb6+ 88. Ke7 Qa7+ 89. Qd7 Qa3+ 90. Ke8 Qa8+ 91. Qd8 Qc6+ 92. Ke7+ Kh7 93. Qd6 Qb7+ 94. Ke6 Kg6 95. Qd7 Qb3+ 96. Ke7 Qf7+ 97. Kd8 Qa2 98. Qd6+ Kf5 99. Qf6+ Ke4 100. e6 Qa8+ 101. Ke7 Qb7+ 102. Kf8 Qb8+ 103. Kf7 Qc7+ 104. e7 Kd5 105. Qe5+ Qxe5 106. dxe5 Kxe5 107. e8Q+ Kf4 108. Qe6 Kg3 109. Qf5 Kh2 110. Qg4 Kh1 111. Kf6 Kh2 112. Kf5 Kh1 113. Kf4 Kh2 114. Kf3 Kh1 115. Qg2# 1-0

[Event "Titled Tuesday intern op 27th Feb Late"]
[Site "Chess.com INT"]
[Date "2024.02.27"]
[Round "5"]
[White "Dziewonski, Dariusz"]
[Black "Dzierzak, Radoslaw"]
[Result "1-0"]
[WhiteElo "2316"]
[BlackElo "2215"]
[PlyCount "79"]
[EventDate "2024.02.27"]
[EventType "swiss (blitz)"]
[EventRounds "11"]
[EventCountry "USA"]
[SourceTitle "CB10_2024"]
[SourceDate "2024.03.06"]
[SourceVersion "1"]
[SourceVersionDate "2024.03.06"]
[SourceQuality "1"]

1. e4 c6 2. d4 d5 3. Nc3 dxe4 4. Nxe4 Bf5 5. Ng3 Bg6 6. h4 h6 7. f4 e6 8. Nf3 Nf6 9. h5 Bh7 10. Bd3 Bxd3 11. Qxd3 c5 12. Be3 cxd4 13. 0-0-0 Nc6 14. Nxd4 Nxd4 15. Bxd4 Be7 16. Qb5+ Qd7 17. Qxd7+ Nxd7 18. Ne4 Nf6 19. Bxf6 Bxf6 20. Nd6+ Ke7 21. Ne4 Rhd8 22. g4 Bd4 23. Rhe1 Bb6 24. c3 Rxd1+ 25. Kxd1 Rd8+ 26. Kc2 g6 27. hxg6 fxg6 28. Rh1 Rh8 29. g5 h5 30. Nf6 Kf7 31. Rd1 Rd8 32. Nd7 Ke7 33. Ne5 Rxd1 34. Nxg6+ Kf7 35. Ne5+ Kg7 36. Kxd1 Be3 37. Nd3 h4 38. Ke2 Bb6 39. Kf3 Kg6 40. Kg4 1-0

[Event "Katowice POL-HUN 10th"]
[Site "Katowice"]
[Date "2023.09.09"]
[Round "3"]
[White "Krych, Dominik"]
[Black "Dzierzak, Radoslaw"]
[Result "0-1"]
[WhiteElo "1677"]
[BlackElo "2220"]
[PlyCount "54"]
[EventDate "2023.09.09"]
[EventType "swiss (rapid)"]
[EventRounds "9"]
[EventCountry "POL"]
[SourceTitle "EXT 2024"]
[Source "ChessBase"]
[SourceDate "2023.10.10"]
[SourceVersion "1"]
[SourceVersionDate "2023.10.10"]
[SourceQuality "1"]

1. d4 Nf6 2. c4 e6 3. Nc3 Bb4 4. f3 0-0 5. a3 Bxc3+ 6. bxc3 Ne8 7. Nh3 b6 8. Bg5 f6 9. Bh4 Nc6 10. e4 Ba6 11. Bd3 Na5 12. Qe2 c5 13. 0-0 cxd4 14. cxd4 Nb3 15. Rad1 Nxd4 16. Qe3 Nc6 17. g4 Qe7 18. e5 Qc5 19. Qxc5 bxc5 20. Be4 Bxc4 21. Rxd7 Nxe5 22. Bxa8 Bxf1 23. Rxa7 Bxh3 24. a4 Nc7 25. Be4 f5 26. Bg3 fxe4 27. Bxe5 Rxf3 0-1

[Event "Titled Tuesday intern op 05th Sep Late"]
[Site "Chess.com INT"]
[Date "2023.09.05"]
[Round "2"]
[White "Dzierzak, Radoslaw"]
[Black "Goroshkov, Maksym"]
[Result "0-1"]
[WhiteElo "2220"]
[BlackElo "2263"]
[PlyCount "94"]
[EventDate "2023.09.05"]
[EventType "swiss (blitz)"]
[EventRounds "11"]
[EventCountry "USA"]
[SourceTitle "EXT 2024"]
[Source "ChessBase"]
[SourceDate "2023.10.10"]
[SourceVersion "1"]
[SourceVersionDate "2023.10.10"]
[SourceQuality "1"]

1. e4 e5 2. Nf3 d6 3. d4 Bg4 4. dxe5 Nd7 5. exd6 Bxd6 6. h3 Bh5 7. Be2 Ngf6 8. Nbd2 Qe7 9. 0-0 0-0-0 10. Re1 Ne5 11. Nxe5 Qxe5 12. g3 Bc5 13. Kg2 Bg6 14. Bf3 h5 15. Qe2 h4 16. Nc4 Qe7 17. Bg5 hxg3 18. e5 Qe6 19. Rh1 Nd5 20. Bg4 Bf5 21. Bxf5 Qxf5 22. Qg4 Qxg4 23. hxg4 f6 24. exf6 gxf6 25. Rxh8 Rxh8 26. Be3 Nxe3+ 27. Nxe3 gxf2 28. Kxf2 Rh2+ 29. Kg3 Re2 30. Nd5 Rxc2 31. Nxf6 Rxb2 32. Rh1 Bd6+ 33. Kf3 b5 34. g5 Rb4 35. Rh8+ Kb7 36. Rh6 Rf4+ 37. Ke3 Rf1 38. Kd4 Bf4 39. Rg6 Rg1 40. Ne4 a6 41. Nc5+ Kb8 42. Nxa6+ Ka7 43. Nc5 Rxg5 44. Rxg5 Bxg5 45. Kd5 Kb6 46. Ne6 c6+ 47. Kd6 Bf6 0-1

[Event "Titled Tuesday intern op 29th Aug Late"]
[Site "Chess.com INT"]
[Date "2023.08.29"]
[Round "7"]
[White "Dzierzak, Radoslaw"]
[Black "Gurevich, Dmitry"]
[Result "0-1"]
[WhiteElo "2220"]
[BlackElo "2371"]
[PlyCount "102"]
[EventDate "2023.08.29"]
[EventType "swiss (blitz)"]
[EventRounds "11"]
[EventCountry "USA"]
[SourceTitle "EXT 2024"]
[Source "ChessBase"]
[SourceDate "2023.10.10"]
[SourceVersion "1"]
[SourceVersionDate "2023.10.10"]
[SourceQuality "1"]

1. e4 c5 2. Nf3 d6 3. d4 cxd4 4. Nxd4 Nf6 5. Nc3 Nc6 6. g3 g6 7. Nde2 b6 8. Bg2 Ba6 9. 0-0 Rc8 10. Re1 Bg7 11. Bg5 0-0 12. Nd5 e6 13. Nxf6+ Bxf6 14. Bxf6 Qxf6 15. c3 Rfd8 16. Nf4 Ne5 17. Qa4 Bb7 18. Rad1 a6 19. Qd4 Rb8 20. Re3 Ng4 21. Qxf6 Nxf6 22. Red3 Nxe4 23. Bxe4 Bxe4 24. Rxd6 Rxd6 25. Rxd6 Kf8 26. Rd7 Ke8 27. Ra7 Rd8 28. f3 Bxf3 29. Kf2 Bh1 30. Ke3 a5 31. Nd3 Rd7 32. Ra6 Rb7 33. Ra8+ Ke7 34. Rh8 h5 35. Ne5 Kf6 36. Nc4 a4 37. Nd6 Rd7 38. Ne8+ Ke5 39. Ng7 Be4 40. Rb8 Rb7 41. Rxb7 Bxb7 42. b3 a3 43. Ne8 g5 44. Nc7 Bc6 45. Na6 f5 46. Nb4 f4+ 47. gxf4+ gxf4+ 48. Kf2 Be4 49. c4 Kd4 50. Ke2 Kc3 51. Na6 Bb7 0-1

[Event "Titled Tuesday intern op 29th Aug Late"]
[Site "Chess.com INT"]
[Date "2023.08.29"]
[Round "9"]
[White "Kaplan, Avi Harrison"]
[Black "Dzierzak, Radoslaw"]
[Result "0-1"]
[WhiteElo "2090"]
[BlackElo "2220"]
[PlyCount "140"]
[EventDate "2023.08.29"]
[EventType "swiss (blitz)"]
[EventRounds "11"]
[EventCountry "USA"]
[SourceTitle "EXT 2024"]
[Source "ChessBase"]
[SourceDate "2023.10.10"]
[SourceVersion "1"]
[SourceVersionDate "2023.10.10"]
[SourceQuality "1"]

1. d4 Nf6 2. Nc3 d5 3. Bf4 c6 4. e3 Bf5 5. Nf3 Nbd7 6. Ne5 Nxe5 7. dxe5 Ne4 8. Nxe4 Bxe4 9. e6 fxe6 10. Be2 Qb6 11. Be5 0-0-0 12. Bg4 Bf5 13. Qf3 Qb4+ 14. c3 Qxg4 15. Qxg4 Bxg4 16. e4 dxe4 17. h3 Bh5 18. g4 Bf7 19. h4 Rg8 20. h5 g6 21. h6 g5 22. Ke2 Rg6 23. Ke3 Bxh6 24. Kxe4 Bg7 25. Rxh7 Bxe5 26. Kxe5 Rf6 27. Rg7 Bg6 28. Rxe7 Rf7 29. Rxf7 Bxf7 30. Kf6 Bg8 31. Kxg5 e5 32. Rh1 Bxa2 33. Ra1 Bd5 34. Rxa7 Kb8 35. Ra1 Rf8 36. Re1 e4 37. Re2 Kc7 38. Kh6 Kd6 39. g5 Ke5 40. g6 Kf6 41. g7 Rg8 42. c4 Rxg7 43. cxd5 cxd5 44. Rd2 Rg8 45. Kh5 Ke5 46. Kh4 d4 47. Kh3 d3 48. f3 Kd4 49. fxe4 Kxe4 50. Rd1 Ke3 51. Re1+ Kd2 52. Re7 Kc2 53. Rc7+ Kxb2 54. Rxb7+ Kc1 55. Rc7+ Kd1 56. Kh2 d2 57. Kh3 Re8 58. Kg2 Ke1 59. Rc8 Rxc8 60. Kf3 d1Q+ 61. Kg2 Qd2+ 62. Kg3 Rg8+ 63. Kf3 Qf2+ 64. Ke4 Re8+ 65. Kd3 Qd2+ 66. Kc4 Rc8+ 67. Kb3 Qc2+ 68. Ka3 Ra8+ 69. Kb4 Rb8+ 70. Ka3 Qb3# 0-1

[Event "Titled Tuesday intern op 23rd May Late"]
[Site "Chess.com INT"]
[Date "2023.05.23"]
[Round "2"]
[White "Sattarov, Bobir"]
[Black "Dzierzak, Radoslaw"]
[Result "1/2-1/2"]
[WhiteElo "2366"]
[BlackElo "2220"]
[PlyCount "85"]
[EventDate "2023.05.23"]
[EventType "swiss (blitz)"]
[EventRounds "11"]
[EventCountry "USA"]
[SourceTitle "EXT 2024"]
[Source "ChessBase"]
[SourceDate "2023.10.10"]
[SourceVersion "1"]
[SourceVersionDate "2023.10.10"]
[SourceQuality "1"]

1. e4 c6 2. Nc3 d5 3. Nf3 Bg4 4. h3 Bxf3 5. gxf3 e6 6. d4 g6 7. Qd3 Bg7 8. Be3 Ne7 9. h4 h5 10. 0-0-0 Nd7 11. Kb1 Qa5 12. Bd2 Qb6 13. Ne2 c5 14. exd5 Nxd5 15. c4 Ne7 16. Bc3 cxd4 17. Nxd4 Nc5 18. Qc2 0-0 19. Be2 Rfd8 20. Rhg1 Nf5 21. Nxf5 exf5 22. Bxg7 Kxg7 23. Qxf5 Rxd1+ 24. Bxd1 Rd8 25. Bc2 Re8 26. Qd5 Re2 27. Qd4+ Kh7 28. a3 Na4 29. c5 Nxc5 30. Rg5 Re1+ 31. Bd1 Kg8 32. Rxc5 Rxd1+ 33. Qxd1 Qxc5 34. Qd8+ Kg7 35. Qd2 Qf5+ 36. Ka1 Qxf3 37. Qd4+ Kh7 38. Qxa7 Qd1+ 39. Ka2 Qd5+ 40. Kb1 Qd1+ 41. Ka2 Qd5+ 42. Ka1 Qd1+ 43. Ka2 1/2-1/2

[Event "Titled Tuesday intern op 14th Mar Late"]
[Site "Chess.com INT"]
[Date "2023.03.14"]
[Round "1"]
[White "Dzierzak, Radoslaw"]
[Black "Yuan, Qingyu"]
[Result "0-1"]
[WhiteElo "2217"]
[BlackElo "2373"]
[PlyCount "46"]
[EventDate "2023.03.14"]
[EventType "swiss (blitz)"]
[EventRounds "11"]
[EventCountry "USA"]
[SourceTitle "EXT 2024"]
[Source "ChessBase"]
[SourceDate "2023.10.10"]
[SourceVersion "1"]
[SourceVersionDate "2023.10.10"]
[SourceQuality "1"]

1. e4 e5 2. Nf3 Nc6 3. Bc4 Bc5 4. 0-0 Nf6 5. d3 0-0 6. Re1 d6 7. c3 a5 8. a4 h6 9. h3 Bb6 10. Bb3 Ne7 11. Na3 c6 12. Nc4 Bc7 13. Ne3 Ng6 14. Nf5 d5 15. Ng3 Re8 16. Be3 Be6 17. Bc5 Qd7 18. Qc2 Nf4 19. exd5 Bxh3 20. d6 Bxg2 21. Nh2 Qh3 22. f3 Qxg3 23. Qf2 Nh3# 0-1

[Event "Titled Tuesday intern op 07th Feb Late"]
[Site "Chess.com INT"]
[Date "2023.02.07"]
[Round "6"]
[White "Dzierzak, Radoslaw"]
[Black "Averjanov, Alexey"]
[Result "1/2-1/2"]
[WhiteElo "2204"]
[BlackElo "2399"]
[PlyCount "162"]
[EventDate "2023.02.07"]
[EventType "swiss (blitz)"]
[EventRounds "11"]
[EventCountry "USA"]
[SourceTitle "EXT 2024"]
[Source "ChessBase"]
[SourceDate "2023.10.10"]
[SourceVersion "1"]
[SourceVersionDate "2023.10.10"]
[SourceQuality "1"]

1. e4 c6 2. Nf3 d5 3. Nc3 Bg4 4. d4 dxe4 5. Nxe4 Nd7 6. h3 Bh5 7. Ng3 Bg6 8. Nh4 e6 9. Nxg6 hxg6 10. Bd3 Ngf6 11. c3 Bd6 12. 0-0 Qc7 13. Ne4 Nxe4 14. Bxe4 Nf6 15. Bf3 0-0 16. Qc2 Rad8 17. Bg5 Rd7 18. Rfe1 Rfd8 19. b4 Bf4 20. Bxf6 gxf6 21. h4 Kg7 22. g3 Bd6 23. Kg2 f5 24. a3 Be7 25. Rad1 Bf6 26. Re3 b6 27. Red3 Rd6 28. a4 Qd7 29. a5 c5 30. bxc5 bxc5 31. d5 exd5 32. Rxd5 Rxd5 33. Rxd5 Qc7 34. Rxd8 Qxd8 35. a6 Qa5 36. Bb7 Bxc3 37. Qe2 Bd4 38. Bd5 Qc7 39. Qb5 f4 40. Qb7 Be5 41. Qxc7 Bxc7 42. g4 Kf6 43. Kf3 Be5 44. Ke4 Bd6 45. f3 Ke7 46. h5 gxh5 47. gxh5 Kf6 48. h6 Kg6 49. h7 Kxh7 50. Bxf7 Kg7 51. Bc4 Kf6 52. Kd5 Be7 53. Kc6 Ke5 54. Kb7 Kd4 55. Kxa7 Kxc4 56. Kb7 Kd3 57. a7 c4 58. a8Q c3 59. Qe8 Ba3 60. Qe4+ Kd2 61. Qxf4+ Ke2 62. Qe4+ Kd2 63. Qd4+ Kc2 64. Qa4+ Kb2 65. Qb5+ Kc1 66. Qf1+ Kd2 67. Qf2+ Kd3 68. Qf1+ Kd2 69. Qg2+ Kd3 70. Qg6+ Kd2 71. f4 c2 72. Qg2+ Kd1 73. Qg1+ Kd2 74. f5 c1Q 75. Qxc1+ Kxc1 76. f6 Kd2 77. f7 Ke3 78. Kc7 Ke4 79. Kd7 Kf5 80. Ke8 Kg6 81. f8Q Bxf8 1/2-1/2

[Event "Titled Tuesday intern op 07th Feb Late"]
[Site "Chess.com INT"]
[Date "2023.02.07"]
[Round "7"]
[White "Dzierzak, Radoslaw"]
[Black "Goroshkov, Maksym"]
[Result "0-1"]
[WhiteElo "2204"]
[BlackElo "2278"]
[PlyCount "74"]
[EventDate "2023.02.07"]
[EventType "swiss (blitz)"]
[EventRounds "11"]
[EventCountry "USA"]
[SourceTitle "EXT 2024"]
[Source "ChessBase"]
[SourceDate "2023.10.10"]
[SourceVersion "1"]
[SourceVersionDate "2023.10.10"]
[SourceQuality "1"]

1. e4 e5 2. Nf3 d6 3. d4 Bg4 4. dxe5 Nd7 5. exd6 Bxd6 6. h3 Bh5 7. Nc3 Ngf6 8. g4 Bg6 9. Bd3 Qe7 10. Qe2 0-0-0 11. Nh4 Nc5 12. Nxg6 hxg6 13. Be3 Ncxe4 14. Nxe4 Nxe4 15. Bxa7 Bb4+ 16. c3 Rxd3 17. Qxd3 Nxc3+ 18. Kf1 Ne4 19. a3 Rd8 20. Qe3 Bd6 21. Re1 f5 22. Kg2 Qh4 23. Qf3 Rf8 24. gxf5 gxf5 25. Be3 Rf6 26. Kf1 Bc5 27. Ke2 Bxe3 28. Qxe3 Re6 29. Kf1 f4 30. Qd4 f3 31. Rxe4 Rxe4 32. Qxg7 b6 33. Qg8+ Kb7 34. Qd5+ Ka7 35. Qd7 Rc4 36. Kg1 Rc1+ 37. Kh2 Qxf2# 0-1

[Event "Titled Tuesday intern op 31st Jan Late"]
[Site "Chess.com INT"]
[Date "2023.01.31"]
[Round "7"]
[White "Bayo Milagro, Alvaro"]
[Black "Dzierzak, Radoslaw"]
[Result "1-0"]
[WhiteElo "2285"]
[BlackElo "2211"]
[PlyCount "111"]
[EventDate "2023.01.31"]
[EventType "swiss (blitz)"]
[EventRounds "11"]
[EventCountry "USA"]
[SourceTitle "CBM 212 Extra"]
[Source "ChessBase"]
[SourceDate "2023.03.31"]
[SourceVersion "1"]
[SourceVersionDate "2023.03.31"]
[SourceQuality "1"]

1. d4 Nf6 2. Nf3 e6 3. c4 Bb4+ 4. Bd2 a5 5. Nc3 b6 6. e3 Bb7 7. Bd3 Bxc3 8. Bxc3 Ne4 9. Rc1 0-0 10. 0-0 f5 11. Be1 d6 12. Nd2 Nd7 13. f3 Nef6 14. c5 bxc5 15. Qb3 Bd5 16. Bc4 Rb8 17. Qc3 cxd4 18. Qxd4 c5 19. Qc3 Qb6 20. b3 Qb4 21. Qc2 Qb7 22. Bxd5 Nxd5 23. Nc4 Ne5 24. Nxd6 Qb6 25. Qxc5 Nd3 26. Qxb6 Rxb6 27. Rd1 Nxe1 28. Nc4 Nc2 29. Nxb6 Nxb6 30. Rd6 Nd5 31. e4 fxe4 32. fxe4 Rxf1+ 33. Kxf1 Nde3+ 34. Kf2 Ng4+ 35. Kg3 Nf6 36. Rxe6 Kf7 37. Re5 Nb4 38. Rxa5 Nxe4+ 39. Kf4 Nc3 40. a3 Nc6 41. Rc5 Nd4 42. Kg4 Ne4 43. Rc7+ Kf6 44. b4 g5 45. h4 gxh4 46. Kxh4 Kf5 47. Kh3 h5 48. a4 Kf4 49. b5 Nf5 50. Kh2 h4 51. b6 Nh6 52. b7 Ng4+ 53. Kg1 Kg3 54. b8Q h3 55. gxh3 Kxh3 56. Rh7+ 1-0

[Event "Titled Tuesday intern op 31st Jan Late"]
[Site "Chess.com INT"]
[Date "2023.01.31"]
[Round "2"]
[White "Dzierzak, Radoslaw"]
[Black "Nasta, Kiren Vivek"]
[Result "1-0"]
[WhiteElo "2211"]
[BlackElo "1922"]
[PlyCount "97"]
[EventDate "2023.01.31"]
[EventType "swiss (blitz)"]
[EventRounds "11"]
[EventCountry "USA"]
[SourceTitle "CBM 212 Extra"]
[Source "ChessBase"]
[SourceDate "2023.03.31"]
[SourceVersion "1"]
[SourceVersionDate "2023.03.31"]
[SourceQuality "1"]

1. e4 e5 2. Nf3 Nc6 3. Bc4 Nf6 4. d3 Bc5 5. 0-0 d6 6. c3 a6 7. Bb3 Ba7 8. Re1 h6 9. Nbd2 0-0 10. h3 Re8 11. Nf1 Be6 12. Bc2 d5 13. Ng3 d4 14. c4 Nb4 15. a3 Nxc2 16. Qxc2 Nd7 17. b4 a5 18. Bd2 axb4 19. axb4 c5 20. b5 Bb6 21. Rxa8 Qxa8 22. Qb2 Qd8 23. Ra1 Qc7 24. Ra3 f6 25. Qa1 Nf8 26. Ra8 Rxa8 27. Qxa8 Qc8 28. Qa3 Ng6 29. Kh2 Ne7 30. Ne2 g5 31. Nc1 Ng6 32. Nb3 Nf4 33. Bxf4 gxf4 34. Qa1 Kf7 35. Nh4 Qd8 36. Qd1 Qe8 37. Qh5+ Ke7 38. Qxh6 Qf7 39. Ng6+ Kd6 40. Nd2 Kc7 41. Nf8 Bc8 42. Nh7 f5 43. Nf6 Be6 44. exf5 Bxf5 45. Nd5+ Kb8 46. Qxb6 Bxd3 47. Qd8+ Ka7 48. b6+ Ka6 49. Qa8# 1-0